[Event "Biel MTO op"]
[Site "Biel"]
[Date "1997.??.??"]
[Round "1"]
[White "Ehlvest, Jaan"]
[Black "Georges, Sascha"]
[Result "1-0"]
[WhiteElo "2610"]
[BlackElo "2300"]
[PlyCount "73"]
[EventDate "1997.07.21"]
[EventType "swiss"]
[EventRounds "11"]
[EventCountry "SUI"]
[SourceTitle "CBM 060 Extra"]
[Source "ChessBase"]
[SourceDate "1997.11.04"]
[SourceVersion "1"]
[SourceVersionDate "1997.11.04"]
[SourceQuality "1"]

1. d4 Nf6 2. c4 g6 3. Nc3 Bg7 4. e4 d6 5. f3 0-0 6. Be3 c6 7. Bd3 a6 8. a4 a5 9. Qd2 e5 10. Nge2 Na6 11. Rd1 exd4 12. Nxd4 Nc5 13. Bc2 Qb6 14. Nde2 Be6 15. b3 Rad8 16. 0-0 Rfe8 17. Nd4 Qb4 18. Na2 Qa3 19. Nc1 Qb4 20. Na2 Qa3 21. Ra1 Nfd7 22. Rfd1 Ne5 23. Qf2 Ncd7 24. h3 d5 25. cxd5 cxd5 26. exd5 Bxd5 27. Nc3 Qc5 28. Nxd5 Qxd5 29. Be4 Qd6 30. Nc6 Nxc6 31. Rxd6 Bxa1 32. Bxc6 bxc6 33. Bd4 Nf6 34. Rxd8 Rxd8 35. Bxa1 Rd1+ 36. Kh2 Rxa1 37. Qd4 1-0

[Event "SUI-chT"]
[Site "Switzerland"]
[Date "1997.??.??"]
[Round "?"]
[White "Georges, Sascha"]
[Black "Landenbergue, Claude"]
[Result "1-0"]
[WhiteElo "2300"]
[BlackElo "2420"]
[PlyCount "81"]
[EventDate "1997.??.??"]
[EventType "team-tourn"]
[EventRounds "9"]
[EventCountry "SUI"]
[SourceTitle "EXT 1999"]
[Source "ChessBase"]
[SourceDate "1998.11.16"]
[SourceVersion "1"]
[SourceVersionDate "1998.11.16"]
[SourceQuality "1"]

1. d4 Nf6 2. Nf3 g6 3. Bg5 Bg7 4. Nbd2 0-0 5. e3 d5 6. Be2 Nbd7 7. 0-0 Re8 8. c4 c5 9. Rc1 cxd4 10. Nxd4 a6 11. b4 dxc4 12. Bxc4 Nb6 13. Be2 Qd6 14. Nc4 Nxc4 15. Rxc4 e5 16. Nb3 Qb6 17. Nc5 a5 18. a3 axb4 19. axb4 h6 20. Bh4 g5 21. Bg3 Be6 22. Nxe6 Qxe6 23. Qc2 Rec8 24. Rc1 Rxc4 25. Bxc4 Qe7 26. Qf5 Ne8 27. Bd5 Nd6 28. Qg4 Rd8 29. h4 Qd7 30. Qh5 Qf5 31. hxg5 hxg5 32. Rc7 Rf8 33. Bxb7 Rb8 34. Bd5 Rxb4 35. Re7 Rb8 36. e4 Rb1+ 37. Kh2 Qh7 38. Bxf7+ Kh8 39. Qxh7+ Kxh7 40. Bd5 Nc8 41. Rc7 1-0